| STA | |a MIBE-2025 |
| STA | |a REPO-ECBU |
| FMT | BK |
| LDR | nab 22 i 4500 |
| 001 | 000477261 |
| 005 | 20251118173848.0 |
| 006 | m d |
| 007 | cr nuu---uuuuu |
| 008 | 250310s2025 sp a fs 000 0 eng d |
| 0247 | |a 10.53479/41305 |2 doi |
| 040 | |a ES-MaBBE |
| 084 | |a D11 |
| 084 | |a E01 |
| 084 | |a E21 |
| 098 | |a D1 |e Consumo |
| 1001 | |a Basso, Henrique S. |
| 24510 | |a Spanish households’ marginal propensity to consume between 2017 and 2022 |h [Recurso electrónico] / |c Henrique S. Basso and Marina Gómez-García. |
| 250 4 | |a 30/05/2025 |
| 300 | |a 11 p. |
| 500 | |a Artículo de revista |
| 506 | |a Acceso público y gratuito a la versión electrónica en Internet |
| 5203 | |a Rationale This article describes the key characteristics of workers’ remittances (i.e. household-to-household transfers) sent from Spain to Latin America. The latter region is the main recipient of remittances sent from Spain, which is consistent with the share of the Latin American population in migratory flows into the country. From a Latin American perspective, Spain is the second largest source country for remittances, behind only the United States. Takeaways •In 2023 remittances sent abroad from Spain amounted to 0.7% of GDP (some €10.7 billion), up by 0.5 pp on the figure for 2000. •Historically, Latin America has been the primary destination for remittances sent from Spain, followed by Africa. Around 60% of all remittances from Spain in the last decade have gone to Latin America, while seven of the top ten destination countries are located in the region, with Colombia topping the list. •Remittance payments from Spain to Latin America have increased significantly over the last decade, to around €6.2 billion in 2023. However, following the pandemic the average remittance amount, adjusted for inflation, has declined. [Resumen de autor] |9 [eng] |
| 651 4 | |a España |
| 650 4 | |a Hogares |
| 650 4 | |a Propensión al ahorro |
| 65310 | |a Saving rate |
| 65310 | |a Marginal propensity to consume |
| 65310 | |a Spanish Survey of Household Finances |
| 65310 | |a Survey of Financial Competences |
| 7001 | |a Gómez-García, Marina |
| 7102 | |a Banco de España. |b Dirección General de Economía y Estadística |
| 7730 | |t Economic Bulletin / Banco de España [Artículos] |g 2025/Q2, 09 |x 1695-9086 |
| 85641 | |u https://repositorio.bde.es/handle/123456789/41305 |x 4a33e036-7abd-4642-a6ae-0d6e35e637b1 |z Ver en el Repositorio Institucional |
| LKR | |a PAR |b 000476595 |l NSB01 |n Versión en español |m Versión en inglés |
| TYP | |a Artículo |
| TYP | |a Recurso electronico |
| TYP | |a EL |b Acceso |
| SYS | 000477261 |
2013 Banco de España, Madrid, España. Reservados todos los derechos
Basado en Ex Libris (© 2009 Ex Libris)